LEADER 01472nam0-2200481---450- 001 990009450920403321 005 20150914124252.0 010 $a978-88-207-5381-8 035 $a000945092 035 $aFED01000945092 035 $a(Aleph)000945092FED01 035 $a000945092 100 $a20111013d2011----km-y0itay50------ba 101 0 $aita 102 $aIT 105 $a--------001yy 200 1 $aAssetto del territorio$edalle norme al processo di piano$fElvira Petroncelli, Marialuce Stanganelli, Antonio Cataldo 210 $aNapoli$cLiguori$d2011 215 $aXIV, 759 p.$cill.$d24 cm 225 1 $aTerritorio & aree urbane 610 0 $aPianificazione urbanistica 676 $a711.1 700 1$aPetroncelli,$bElvira$010192 701 1$aStanganelli,$bMarialuce$0426849 701 1$aCataldo,$bAntonia$0502731 801 0$aIT$bUNINA$gRICA$2UNIMARC 901 $aBK 912 $a990009450920403321 952 $a13 E 03 14$b17394$fFINBC 952 $aA2 SOP II 41$b04702$fDINST 952 $a13 55 22$b17393$fFINBC 952 $a23 10 C 09$b17427$fFINAG 952 $a23 10 C 10$b17428$fFINAG 952 $a13 E 03 16$b19700 / 143593$fFINBC 952 $a13 E 03 17$b19701 / 143594$fFINBC 952 $a23 10 B 30$b19702 / 143595$fFINAG 952 $a23 10 B 31$b19703 / 143596$fFINAG 959 $aFINBC 959 $aFINBC 959 $aFINAG 959 $aDINST 996 $aAssetto del territorio$9761826 997 $aUNINA LEADER 01033nam0-22003611i-450- 001 990005588490403321 005 20111012114846.0 035 $a000558849 035 $aFED01000558849 035 $a(Aleph)000558849FED01 035 $a000558849 100 $a19990604d1967----km-y0itay50------ba 101 0 $aita 102 $aIT 105 $aa-------001yy 200 1 $a<>quartiere barocco di Roma$fItalo Zannier, Italo Insolera 210 $aRoma$cLea$d1967 215 $aIX, 116 p.$cill.$d28 cm 225 1 $aItalia nostra$v20 610 0 $aArchitettura barocca$aRoma$aFotografie 676 $a720.94563209032 700 1$aZannier,$bItalo$f<1932- >$035707 702 1$aInsolera,$bItalo$f<1929- > 712 02$aAutomobile club d'Italia 801 0$aIT$bUNINA$gRICA$2UNIMARC 901 $aBK 912 $a990005588490403321 952 $a720.945 ZAN 1$bST.ARTE 7601$fFLFBC 952 $a12.527$b9841$fDARST 959 $aFLFBC 959 $aDARST 996 $aQuartiere barocco di Roma$9608445 997 $aUNINA